Statistics for The Westernmost Countries

Click here to take the quiz!

General Stats

  • This quiz has been taken 50 times
    (16 since last reset)
  • The average score is 12 of 16

Answer Stats

LongitudeCountry% Correct
141°00'WCanada
100%
179°09'WUnited States
100%
118°22'WMexico
92%
87°40'WNicaragua
92%
109°27'WChile
83%
84°58'WCuba
83%
90°15'WEl Salvador
83%
89°12'WBelize
75%
87°05'WCosta Rica
75%
92°01'WEcuador
75%
92°15'WGuatemala
75%
88°43'WHonduras
75%
172°72'WKiribati
67%
175°38'WTonga
50%
109°13'WFrance
42%
172°48'WSamoa
42%

Score Distribution

Percentile by Number Answered

Percent of People with Each Score

Your Score History

You have not taken this quiz since the last reset